<?xml version="1.0" encoding="UTF-8"?><?xml-stylesheet type="text/xsl" href="static/style.xsl"?><OAI-PMH xmlns="http://www.openarchives.org/OAI/2.0/" xmlns:xsi="http://www.w3.org/2001/XMLSchema-instance" xsi:schemaLocation="http://www.openarchives.org/OAI/2.0/ http://www.openarchives.org/OAI/2.0/OAI-PMH.xsd"><responseDate>2026-04-17T04:24:55Z</responseDate><request verb="GetRecord" identifier="oai:www.recercat.cat:2072/485019" metadataPrefix="marc">https://recercat.cat/oai/request</request><GetRecord><record><header><identifier>oai:recercat.cat:2072/485019</identifier><datestamp>2025-08-31T18:14:36Z</datestamp><setSpec>com_2072_98</setSpec><setSpec>col_2072_378192</setSpec></header><metadata><record xmlns="http://www.loc.gov/MARC21/slim" xmlns:dcterms="http://purl.org/dc/terms/" xmlns:xsi="http://www.w3.org/2001/XMLSchema-instance" xmlns:doc="http://www.lyncode.com/xoai" xsi:schemaLocation="http://www.loc.gov/MARC21/slim http://www.loc.gov/standards/marcxml/schema/MARC21slim.xsd">
   <leader>00925njm 22002777a 4500</leader>
   <datafield ind2=" " ind1=" " tag="042">
      <subfield code="a">dc</subfield>
   </datafield>
   <datafield ind2=" " ind1=" " tag="720">
      <subfield code="a">Porti i Pujal, Marc</subfield>
      <subfield code="e">author</subfield>
   </datafield>
   <datafield ind2=" " ind1=" " tag="720">
      <subfield code="a">Solis, Alvaro</subfield>
      <subfield code="e">author</subfield>
   </datafield>
   <datafield ind2=" " ind1=" " tag="720">
      <subfield code="a">Calatayud, Alex</subfield>
      <subfield code="e">author</subfield>
   </datafield>
   <datafield ind2=" " ind1=" " tag="720">
      <subfield code="a">Nafría i Maqueda, Montserrat</subfield>
      <subfield code="e">author</subfield>
   </datafield>
   <datafield ind2=" " ind1=" " tag="720">
      <subfield code="a">Miranda, Enrique</subfield>
      <subfield code="e">author</subfield>
   </datafield>
   <datafield ind2=" " ind1=" " tag="260">
      <subfield code="c">2025</subfield>
   </datafield>
   <datafield ind2=" " ind1=" " tag="520">
      <subfield code="a">Catastrophic failure sites, also referred to as breakdown spots, in Metal-Insulator-Semiconductor (MIS) and Metal-Insulator-Metal (MIM) structures are the consequence of the formation of conducting paths across the thin oxide film that separates the contact electrodes. When the energy released by the sudden occurrence of this kind of shorts is high enough, the events are clearly detected in the top area of the structure as a random spatial point pattern. As it was demonstrated in previous works, the distribution of failure sites obtained this way can be used to generate optically detectable cryptographic keys in the context of Physically Unclonable Functions (PUFs). In this paper, we pay special attention to the reliability of the associated fingerprints. Reliability is evaluated in terms of a number of features of the binarized images such as the rotation and translation of the observation window, resolution, illumination, noise conditions, and particularities of the used optical system. The obtained results demonstrate that the generated fingerprints meet the essential requirements of reliability, reaching values between ~90 and 99% in all the considered scenarios. By means of a simulated experiment, which closely resembles the practical application of the proposed method, we are able to assess how good the identification of the registered images is and therefore the feasibility of the considered approach. To complete the picture, the investigated PUFs are shown to be resilient to temperature and electrical stress attacks which makes them highly suitable for security applications.</subfield>
   </datafield>
   <datafield ind1="8" ind2=" " tag="024">
      <subfield code="a">http://hdl.handle.net/2072/485019</subfield>
   </datafield>
   <datafield tag="653" ind2=" " ind1=" ">
      <subfield code="a">Breakdown</subfield>
   </datafield>
   <datafield tag="653" ind2=" " ind1=" ">
      <subfield code="a">Cryptography</subfield>
   </datafield>
   <datafield tag="653" ind2=" " ind1=" ">
      <subfield code="a">Dielectric breakdown</subfield>
   </datafield>
   <datafield tag="653" ind2=" " ind1=" ">
      <subfield code="a">MIM</subfield>
   </datafield>
   <datafield tag="653" ind2=" " ind1=" ">
      <subfield code="a">MIS</subfield>
   </datafield>
   <datafield ind2="0" ind1="0" tag="245">
      <subfield code="a">Reliability assessment of optical physical unclonable functions based on the spatial distribution of catastrophic failure sites in MIM structures</subfield>
   </datafield>
</record></metadata></record></GetRecord></OAI-PMH>